| 000 | 00973nam a2200301 a 4500 | ||
|---|---|---|---|
| 001 | 4315730 | ||
| 003 | NUST - PNEC | ||
| 005 | 20170116181052.0 | ||
| 008 | 870708s1988 ohua 001 0 eng | ||
| 010 | _a 87062063 | ||
| 020 | _a067520772X | ||
| 040 | _cLIBRARY | ||
| 050 | 0 | 0 |
_aQA76.73.B3 _bA33 1988 |
| 082 | 0 | 0 | _a005.265 ADA |
| 100 | 1 |
_aAdamson, Thomas A., _d1936- |
|
| 245 | 1 | 0 |
_aStructured BASIC applied to technology _cTom Adamson. |
| 250 | _a- | ||
| 260 |
_aColumbus, Ohio : _bMerrill, _cc1988. |
||
| 300 |
_axi, 391 p. : _bill. ; _c24 cm. |
||
| 440 | 0 | _aMerrill's international series in electrical and electronics technology | |
| 500 | _aIncludes index. | ||
| 650 | 0 | _aBASIC (Computer program language) | |
| 650 | 0 | _aStructured programming. | |
| 650 | 0 |
_aTechnology _xMIS, Computer |
|
| 906 |
_a7 _bcbc _corignew _d3 _eopcn _f19 _gy-gencatlg |
||
| 942 |
_2ddc _cBK |
||
| 999 |
_c68444 _d68444 |
||